Informe sobre Chile 1994

שמור ב:
מידע ביבליוגרפי
פורמט: ספר
שפה:ספרדית
יצא לאור: Santiago Gestión 1994
נושאים:
תגים: הוספת תג
אין תגיות, היה/י הראשונ/ה לתייג את הרשומה!

MARC

LEADER 00000nam a2200000 a 4500
001 UCR6833
003 CL-VaPUC
008 980423e19940000CL |||||||||||||||||spa|d
082 0 4 |a 318.3  |b INF  |2 21 
245 1 0 |a Informe sobre Chile 1994 
300 |a 380 p 
942 |c BK 
945 |d 19980423 00:00:00  |a lriquelm 
260 |a Santiago  |b Gestión  |c 1994 
650 7 |a INDICADORES ECONOMICOS  |2 CL-VaPUC  |9 307122 
650 7 |a INDICADORES SOCIALES  |2 CL-VaPUC  |9 307123 
651 7 |a CHILE  |2 CL-VaPUC  |9 407998 
583 |a last modification  |c 19980423 00:00:00  |k Rodrigo Vera 
999 |c 268738  |d 268736 
952 |0 0  |1 0  |4 0  |6 318_300000000000000_INF_1994  |7 0  |8 F  |9 302030  |a BIBENE  |b BIBENE  |d 2019-11-20  |i 2999625  |o 318.3 INF 1994  |p 2999625  |r 2025-01-15  |w 2019-11-20  |y BK_F  |k ICO 
952 |0 0  |1 0  |4 0  |6 318_300000000000000_INF_1994  |7 0  |8 F  |9 302031  |a BIBGIM  |b BIBGIM  |d 2019-11-20  |i 2999587  |o 318.3 INF 1994  |p 2999587  |r 2025-01-15  |w 2019-11-20  |y BK_F  |k COM